[Event "SB-2021-0-00620"]
[Site "LSS email"]
[Date "2021.08.14"]
[Round "?"]
[White "Krabbenbos, Jan"]
[Black "Blair, Matthew"]
[Result "1/2-1/2"]
[WhiteElo "1973"]
[BlackElo "1929"]
[PlyCount "57"]
[EventDate "2021.07.07"]
[EventType "tourn (corr)"]
[EventRounds "6"]
[EventCountry "GER"]
[SourceTitle "Corr 2024"]
[Source "ChessBase"]
[SourceDate "2023.10.19"]
[SourceVersion "1"]
[SourceVersionDate "2023.10.19"]
[SourceQuality "1"]

1. e4 c5 2. Nf3 d6 3. d4 cxd4 4. Nxd4 Nf6 5. Nc3 a6 6. Bg5 Nbd7 7. Qd2 e6 8. 0-0-0 b5 9. f3 Bb7 10. g4 Be7 11. a3 0-0 12. h4 d5 13. Bxf6 Nxf6 14. g5 Nh5 15. exd5 Bxd5 16. Qe1 Qc7 17. Nxd5 exd5 18. Kb1 Rfe8 19. Qd2 Ng3 20. Rg1 Bd6 21. Bd3 g6 22. c3 Be5 23. Qf2 Rad8 24. Rge1 Nh5 25. Ne2 Bd6 26. Bc2 Bc5 27. Nd4 Rxe1 28. Qxe1 Nf4 29. Qd2 1/2-1/2

[Event "SB-2021-0-00620"]
[Site "LSS email"]
[Date "2021.08.14"]
[Round "?"]
[White "Martin, Simone"]
[Black "Blair, Matthew"]
[Result "1-0"]
[WhiteElo "1848"]
[BlackElo "1929"]
[PlyCount "91"]
[EventDate "2021.07.07"]
[EventType "tourn (corr)"]
[EventRounds "6"]
[EventCountry "GER"]
[SourceTitle "Corr 2024"]
[Source "ChessBase"]
[SourceDate "2023.10.19"]
[SourceVersion "1"]
[SourceVersionDate "2023.10.19"]
[SourceQuality "1"]

1. e4 c5 2. d3 Nc6 3. f4 d5 4. Be2 g6 5. Nf3 dxe4 6. dxe4 Qxd1+ 7. Bxd1 Bg7 8. c3 Nf6 9. Bc2 0-0 10. h3 b6 11. g4 Na5 12. Kf2 Bb7 13. Re1 Rfd8 14. Nbd2 Rac8 15. e5 Nd5 16. Ne4 b5 17. h4 b4 18. h5 Bc6 19. Rh1 bxc3 20. bxc3 Rb8 21. h6 Bh8 22. Rb1 Rb6 23. Rxb6 axb6 24. f5 e6 25. f6 b5 26. Rd1 Ra8 27. g5 b4 28. c4 Nxc4 29. Bb3 Na5 30. Nxc5 Nc3 31. Rd6 Rc8 32. Be3 Nb5 33. Rd2 Nc3 34. Rd4 Ra8 35. Rxb4 Nxb3 36. Rxb3 Nd1+ 37. Ke2 Bd5 38. Kxd1 Bxf3+ 39. Kc1 Bd5 40. Rb4 Bxa2 41. Ra4 Rxa4 42. Nxa4 Bd5 43. Bc5 Bc4 44. Nb6 Ba6 45. Kd2 Bb7 46. Kc3 1-0

[Event "SB-2021-0-00616"]
[Site "LSS email"]
[Date "2021.07.01"]
[Round "?"]
[White "Blair, Matthew"]
[Black "Granara Barreto, Sebastian"]
[Result "1/2-1/2"]
[WhiteElo "1940"]
[BlackElo "1966"]
[PlyCount "85"]
[EventDate "2021.03.27"]
[EventType "tourn (corr)"]
[EventRounds "6"]
[EventCountry "GER"]
[SourceTitle "Corr 2024"]
[Source "ChessBase"]
[SourceDate "2023.10.19"]
[SourceVersion "1"]
[SourceVersionDate "2023.10.19"]
[SourceQuality "1"]

1. Nf3 Nf6 2. c4 c5 3. Nc3 Nc6 4. d4 cxd4 5. Nxd4 e6 6. a3 Be7 7. e4 0-0 8. Nf3 Qc7 9. Bd3 Ng4 10. Nb5 Qb8 11. Bg5 f6 12. Bh4 a6 13. Nc3 b6 14. Be2 Nge5 15. Bg3 Qc7 16. 0-0 Bb7 17. Rc1 Nxf3+ 18. Bxf3 Ne5 19. Be2 Rfc8 20. Kh1 Bf8 21. f3 Qd8 22. Qb3 Bc6 23. f4 Nf7 24. Rcd1 Qc7 25. f5 Qb7 26. Qc2 b5 27. b4 bxc4 28. fxe6 dxe6 29. Bxc4 Bd7 30. Qa2 Rc6 31. Rd4 Be8 32. e5 fxe5 33. Rd2 Rac8 34. Bxe6 Rxc3 35. Rdf2 R3c7 36. Bxe5 Re7 37. Bxc8 Qxc8 38. Bd6 Re6 39. Rc2 Qd7 40. Bxf8 Kxf8 41. h3 Rf6 42. Rxf6 gxf6 43. Qc4 1/2-1/2

[Event "SB-2021-0-00616"]
[Site "LSS email"]
[Date "2021.07.01"]
[Round "?"]
[White "Blair, Matthew"]
[Black "Martin, Simone"]
[Result "1/2-1/2"]
[WhiteElo "1940"]
[BlackElo "1804"]
[PlyCount "44"]
[EventDate "2021.03.27"]
[EventType "tourn (corr)"]
[EventRounds "6"]
[EventCountry "GER"]
[SourceTitle "Corr 2024"]
[Source "ChessBase"]
[SourceDate "2023.10.19"]
[SourceVersion "1"]
[SourceVersionDate "2023.10.19"]
[SourceQuality "1"]

1. Nf3 Nf6 2. c4 c6 3. Nc3 d5 4. e3 e6 5. d4 a6 6. b3 Bb4 7. Bd2 0-0 8. Bd3 Nbd7 9. 0-0 Bd6 10. Re1 h6 11. Rc1 Re8 12. e4 dxc4 13. Bxc4 e5 14. Be3 b5 15. dxe5 Nxe5 16. Nxe5 Bxe5 17. Qxd8 Rxd8 18. Be2 Be6 19. f4 Bxc3 20. Rxc3 Nxe4 21. Rxc6 Nf6 22. h3 Nd5 1/2-1/2

[Event "SB-2020-0-00602"]
[Site "LSS email"]
[Date "2020.11.01"]
[Round "?"]
[White "Blair, Matthew"]
[Black "Kapatos, Endre"]
[Result "1/2-1/2"]
[WhiteElo "1987"]
[BlackElo "1812"]
[PlyCount "99"]
[EventDate "2020.07.14"]
[EventType "tourn (corr)"]
[EventRounds "6"]
[EventCountry "GER"]
[SourceTitle "Corr 2024"]
[Source "ChessBase"]
[SourceDate "2023.10.19"]
[SourceVersion "1"]
[SourceVersionDate "2023.10.19"]
[SourceQuality "1"]

1. Nf3 e6 2. c4 Nf6 3. d4 Bb4+ 4. Nbd2 b6 5. a3 Bxd2+ 6. Qxd2 Bb7 7. e3 0-0 8. Be2 d6 9. 0-0 Nbd7 10. b4 Qe7 11. Bb2 e5 12. dxe5 dxe5 13. Rfd1 a5 14. Qc3 Rfd8 15. Nd2 c5 16. bxa5 Rxa5 17. f3 Raa8 18. Nf1 Ne8 19. Ng3 Nd6 20. Bd3 h6 21. Nf5 Nxf5 22. Bxf5 f6 23. Qb3 Bc6 24. a4 Rdb8 25. Qd3 Nf8 26. Qd6 Qxd6 27. Rxd6 Be8 28. Bc2 Bg6 29. Bb3 Kf7 30. e4 Ne6 31. Rd3 Nd4 32. Kf2 Ke7 33. Bd1 Rd8 34. Rda3 Bf7 35. a5 Rxa5 36. Rxa5 bxa5 37. Bc3 Bxc4 38. Rxa5 Kd6 39. Ra4 Bb5 40. Ra7 Rd7 41. Rxd7+ Bxd7 42. g3 f5 43. Bd2 Be6 44. Be2 fxe4 45. fxe4 Bd7 46. Bh5 Bc6 47. Ke3 Nc2+ 48. Kd3 Nb4+ 49. Ke3 Nc2+ 50. Kd3 1/2-1/2

[Event "SB-2020-0-00599"]
[Site "LSS email"]
[Date "2020.07.26"]
[Round "?"]
[White "Peterson, Oscar"]
[Black "Blair, Matthew"]
[Result "0-1"]
[WhiteElo "1931"]
[BlackElo "1994"]
[PlyCount "26"]
[EventDate "2020.06.02"]
[EventType "tourn (corr)"]
[EventRounds "6"]
[EventCountry "GER"]
[SourceTitle "Corr 2022"]
[Source "ChessBase"]
[SourceDate "2021.10.24"]
[SourceVersion "1"]
[SourceVersionDate "2021.10.24"]
[SourceQuality "1"]

1. d4 Nf6 2. c4 g6 3. Nc3 Bg7 4. e4 d6 5. f4 0-0 6. Nf3 c5 7. d5 e6 8. Be2 exd5 9. cxd5 Bg4 10. 0-0 Nbd7 11. h3 Bxf3 12. Bxf3 Re8 13. g4 h6 0-1

[Event "SB-2019-0-00585"]
[Site "LSS email"]
[Date "2019.12.03"]
[Round "?"]
[White "Blair, Matthew"]
[Black "Billio, Maria"]
[Result "1/2-1/2"]
[WhiteElo "1900"]
[BlackElo "2041"]
[PlyCount "66"]
[EventDate "2019.09.15"]
[EventType "tourn (corr)"]
[EventRounds "6"]
[EventCountry "GER"]
[SourceTitle "Corr 2022"]
[Source "ChessBase"]
[SourceDate "2021.10.24"]
[SourceVersion "1"]
[SourceVersionDate "2021.10.24"]
[SourceQuality "1"]

1. e4 e5 2. Nf3 Nc6 3. Bb5 Nge7 4. Nc3 a6 5. Bc4 b5 6. Bb3 Ng6 7. 0-0 Bc5 8. Nd5 h6 9. c3 0-0 10. d4 Ba7 11. a4 d6 12. axb5 axb5 13. h3 Bb7 14. Qd3 b4 15. Be3 bxc3 16. bxc3 Nce7 17. dxe5 Bxe3 18. Qxe3 Nxe5 19. Nxe5 Rxa1 20. Rxa1 dxe5 21. Nb4 Ng6 22. Kh2 Qh4 23. Nd5 Bxd5 24. Bxd5 Qf4+ 25. Qxf4 exf4 26. Ra5 Rd8 27. Rc5 Rd7 28. g3 Kf8 29. gxf4 Nxf4 30. Kg3 Nd3 31. Ra5 g5 32. Bc4 Kg7 33. f3 Nf4 1/2-1/2

[Event "SB-2019-0-00585"]
[Site "LSS email"]
[Date "2019.12.02"]
[Round "?"]
[White "Blair, Matthew"]
[Black "Borodin, Sergej"]
[Result "1/2-1/2"]
[WhiteElo "1900"]
[BlackElo "1978"]
[PlyCount "70"]
[EventDate "2019.09.15"]
[EventType "tourn (corr)"]
[EventRounds "6"]
[EventCountry "GER"]
[SourceTitle "Corr 2022"]
[Source "ChessBase"]
[SourceDate "2021.10.24"]
[SourceVersion "1"]
[SourceVersionDate "2021.10.24"]
[SourceQuality "1"]

1. e4 e5 2. Nf3 Nc6 3. Bb5 Nf6 4. 0-0 Nxe4 5. d4 Nd6 6. Bxc6 dxc6 7. dxe5 Nf5 8. Qxd8+ Kxd8 9. Nc3 Ke8 10. h3 h5 11. Bf4 Be7 12. Rad1 Be6 13. Ng5 Rh6 14. g3 Bxg5 15. Bxg5 Rg6 16. h4 f6 17. exf6 gxf6 18. Bf4 Rc8 19. Kh2 Kf7 20. f3 b6 21. Rfe1 Rgg8 22. b3 Ne7 23. Ne4 Bf5 24. Re2 Nd5 25. Bc1 Rce8 26. Bb2 Re6 27. c4 Ne7 28. Rf2 Re8 29. Kg2 Ng6 30. Rd7+ R8e7 31. Rxe7+ Nxe7 32. Re2 c5 33. Bc1 Bxe4 34. Rxe4 Rd6 35. Kf2 Ng6 1/2-1/2

[Event "CP-2018-Q-00005"]
[Site "LSS email"]
[Date "2018.11.28"]
[Round "?"]
[White "Blair, Matthew"]
[Black "Nicolaescu, Nicolae"]
[Result "1/2-1/2"]
[WhiteElo "1861"]
[BlackElo "1910"]
[PlyCount "72"]
[EventDate "2018.12.01"]
[EventType "tourn (corr)"]
[EventRounds "6"]
[EventCountry "GER"]
[SourceTitle "Corr 2022"]
[Source "ChessBase"]
[SourceDate "2021.10.24"]
[SourceVersion "1"]
[SourceVersionDate "2021.10.24"]
[SourceQuality "1"]

1. e4 c5 2. Nf3 Nc6 3. d4 cxd4 4. Nxd4 Nf6 5. Nc3 e5 6. Ndb5 d6 7. Bg5 a6 8. Na3 b5 9. Nd5 Be7 10. Bxf6 Bxf6 11. c3 0-0 12. Nc2 Bg5 13. a4 bxa4 14. Rxa4 a5 15. Bc4 Rb8 16. b3 Kh8 17. 0-0 f5 18. exf5 Bxf5 19. Nce3 Bg6 20. Re1 Qd7 21. Nf1 Bd8 22. Ra2 Ne7 23. Nfe3 Nxd5 24. Nxd5 Qc6 25. h3 Qc5 26. Qe2 h6 27. Rd1 Rc8 28. Ne3 Bb6 29. Qd2 Bh5 30. Re1 Bf7 31. Bxf7 Rxf7 32. Nc4 Rcf8 33. Qe3 Qxc4 34. bxc4 Bxe3 35. Rxe3 Rc8 36. Rxa5 Rxc4 1/2-1/2

[Event "CP-2018-Q-00005"]
[Site "LSS email"]
[Date "2018.11.28"]
[Round "?"]
[White "Kurowski, Andrzej"]
[Black "Blair, Matthew"]
[Result "1-0"]
[WhiteElo "2190"]
[BlackElo "1861"]
[PlyCount "101"]
[EventDate "2018.12.01"]
[EventType "tourn (corr)"]
[EventRounds "6"]
[EventCountry "GER"]
[SourceTitle "Corr 2022"]
[Source "ChessBase"]
[SourceDate "2021.10.24"]
[SourceVersion "1"]
[SourceVersionDate "2021.10.24"]
[SourceQuality "1"]

1. d4 Nf6 2. c4 g6 3. Nc3 Bg7 4. e4 d6 5. Be2 0-0 6. Nf3 e5 7. 0-0 Nc6 8. d5 Ne7 9. Ne1 Nd7 10. f3 f5 11. Be3 f4 12. Bf2 g5 13. Nd3 Nf6 14. c5 Ng6 15. a4 h5 16. a5 g4 17. a6 bxa6 18. Nb4 g3 19. Be1 Ne8 20. hxg3 fxg3 21. Bxg3 Qg5 22. Bh2 Rb8 23. Nc6 Rxb2 24. Kh1 h4 25. Qc1 Qxc1 26. Rfxc1 Bh6 27. Rcb1 Rc2 28. Rb3 dxc5 29. Nxe5 Nxe5 30. Bxe5 Nd6 31. Bd3 Rd2 32. Be2 c4 33. Rba3 Nb5 34. R3a2 Re8 35. Rxd2 Bxd2 36. Nb1 Bb4 37. Bf6 Bf8 38. Bxc4 Bd6 39. Bxh4 Kg7 40. Kg1 Rh8 41. Be1 Rh6 42. Ra4 Be5 43. Na3 Nc3 44. Rb4 c6 45. Rb3 Nb5 46. Bd2 Rg6 47. Kf1 cxd5 48. Bxd5 Nd4 49. Rb1 Nb5 50. Nxb5 axb5 51. f4 1-0

[Event "SC-2018-0-00361"]
[Site "LSS email"]
[Date "2018.10.27"]
[Round "?"]
[White "Buczinski, Henryk"]
[Black "Blair, Matthew"]
[Result "1/2-1/2"]
[WhiteElo "1781"]
[BlackElo "1890"]
[PlyCount "68"]
[EventDate "2018.08.27"]
[EventType "tourn (corr)"]
[EventRounds "6"]
[EventCountry "GER"]
[SourceTitle "Corr 2022"]
[Source "ChessBase"]
[SourceDate "2021.10.24"]
[SourceVersion "1"]
[SourceVersionDate "2021.10.24"]
[SourceQuality "1"]

1. e4 c5 2. Nf3 d6 3. d4 cxd4 4. Nxd4 Nf6 5. Nc3 a6 6. Be3 e5 7. Nb3 Be6 8. f3 Be7 9. Qd2 0-0 10. 0-0-0 Nbd7 11. g4 b5 12. g5 b4 13. Ne2 Ne8 14. f4 a5 15. f5 a4 16. Nbd4 exd4 17. Nxd4 b3 18. Kb1 bxc2+ 19. Nxc2 Bb3 20. axb3 axb3 21. Na3 Ne5 22. h4 Ra4 23. Rh3 Qa8 24. Qd5 Rxa3 25. bxa3 Qxa3 26. Qd2 Nf6 27. Bd4 Nfd7 28. Qb2 Qa8 29. Rxb3 Qxe4+ 30. Qc2 Qxh4 31. f6 gxf6 32. Rh3 Rb8+ 33. Ka2 Ra8+ 34. Kb1 Rb8+ 1/2-1/2

[Event "SC-2018-0-00361"]
[Site "LSS email"]
[Date "2018.10.25"]
[Round "?"]
[White "Blair, Matthew"]
[Black "Richter, Klaus"]
[Result "1-0"]
[WhiteElo "1890"]
[BlackElo "1658"]
[PlyCount "91"]
[EventDate "2018.08.27"]
[EventType "tourn (corr)"]
[EventRounds "6"]
[EventCountry "GER"]
[SourceTitle "Corr 2022"]
[Source "ChessBase"]
[SourceDate "2021.10.24"]
[SourceVersion "1"]
[SourceVersionDate "2021.10.24"]
[SourceQuality "1"]

1. Nf3 Nf6 2. c4 g6 3. d4 Bg7 4. Nc3 d5 5. Qb3 dxc4 6. Qxc4 0-0 7. e4 Nc6 8. Be2 Nd7 9. Be3 Nb6 10. Qc5 f5 11. 0-0-0 fxe4 12. Ne5 Be6 13. Nxc6 bxc6 14. Qxc6 Qd6 15. Qxe4 Bf5 16. Qf4 Qb4 17. Rd2 c5 18. Bd1 Rac8 19. Bb3+ c4 20. Bd1 Qa5 21. Qg3 Nd5 22. Nxd5 Qxd5 23. Bf4 Qa5 24. Qa3 Qxa3 25. bxa3 c3 26. Bb3+ Kh8 27. Rdd1 Be4 28. Be5 Bxe5 29. dxe5 Rxf2 30. Rd4 Rc5 31. Rxe4 Rxg2 32. h4 Kg7 33. Rhe1 Kh6 34. Rd4 a5 35. Rd7 a4 36. Bc2 e6 37. h5 Rg5 38. hxg6 hxg6 39. Rh1+ Rh5 40. Rg1 Rg5 41. Rh7+ Kxh7 42. Rxg5 Kg7 43. Rxg6+ Kf7 44. Rg5 Ra5 45. Bd3 Rc5 46. Kc2 1-0

[Event "CP-2018-P-00036"]
[Site "LSS email"]
[Date "2018.09.27"]
[Round "?"]
[White "Blair, Matthew"]
[Black "Corti, Horacio"]
[Result "1/2-1/2"]
[WhiteElo "1860"]
[BlackElo "2288"]
[PlyCount "158"]
[EventDate "2018.10.01"]
[EventType "tourn (corr)"]
[EventRounds "6"]
[EventCountry "GER"]
[SourceTitle "Corr 2022"]
[Source "ChessBase"]
[SourceDate "2021.10.24"]
[SourceVersion "1"]
[SourceVersionDate "2021.10.24"]
[SourceQuality "1"]

1. Nf3 d5 2. d4 Nf6 3. c4 c6 4. Nc3 e6 5. e3 Nbd7 6. Qc2 Bd6 7. Bd3 0-0 8. 0-0 dxc4 9. Bxc4 a6 10. Rd1 b5 11. Be2 Qc7 12. e4 e5 13. g3 Re8 14. a3 exd4 15. Nxd4 Be5 16. Bf3 Nb6 17. Bg2 c5 18. Nde2 Bb7 19. f3 Nc4 20. Rb1 Qa5 21. a4 Bc6 22. b3 b4 23. bxc4 bxc3 24. Ra1 Red8 25. Rxd8+ Rxd8 26. Ra3 Bd4+ 27. Kh1 Qb4 28. Bf1 Qxc4 29. Kg2 Bd7 30. Qb3 Qxb3 31. Rxb3 Bxa4 32. Ra3 Bb5 33. Nxc3 Bxc3 34. Rxc3 Nd7 35. Be3 Rc8 36. Kf2 Bxf1 37. Kxf1 Kf8 38. Ke2 Ke7 39. Ra3 Ra8 40. Bd2 Kd6 41. Bc3 g6 42. Kd3 Kc6 43. Ra5 Ra7 44. f4 Nb6 45. g4 Nc8 46. f5 Ra8 47. fxg6 fxg6 48. Bf6 Nb6 49. h4 h5 50. gxh5 gxh5 51. Bc3 Ra7 52. e5 Kd5 53. Bd4 Rc7 54. Bc3 Nc4 55. Rxa6 Rg7 56. Rh6 Rg3+ 57. Kc2 Na3+ 58. Kb2 Nb5 59. Ba5 Rg2+ 60. Kc1 Nd4 61. Kb1 Nb3 62. Bc3 Kc4 63. Bb2 Nd2+ 64. Kc1 Re2 65. Rh7 Nb3+ 66. Kb1 Nd4 67. e6 Nxe6 68. Rxh5 Kb3 69. Bc1 Re1 70. Rf5 Nd4 71. Rxc5 Ne2 72. Rb5+ Kc4 73. Rb8 Rxc1+ 74. Kb2 Rh1 75. Rc8+ Kd3 76. Rh8 Nd4 77. h5 Kc4 78. Rc8+ Kd5 79. Rd8+ Kc4 1/2-1/2

[Event "CP-2018-P-00036"]
[Site "LSS email"]
[Date "2018.09.27"]
[Round "?"]
[White "Bottoni, Carlo"]
[Black "Blair, Matthew"]
[Result "0-1"]
[WhiteElo "1679"]
[BlackElo "1860"]
[PlyCount "118"]
[EventDate "2018.10.01"]
[EventType "tourn (corr)"]
[EventRounds "6"]
[EventCountry "GER"]
[SourceTitle "Corr 2022"]
[Source "ChessBase"]
[SourceDate "2021.10.24"]
[SourceVersion "1"]
[SourceVersionDate "2021.10.24"]
[SourceQuality "1"]

1. e4 c5 2. Nf3 d6 3. Nc3 Nc6 4. d4 cxd4 5. Nxd4 Nf6 6. Bc4 e6 7. 0-0 Be7 8. Qd3 0-0 9. Nxc6 bxc6 10. Qg3 e5 11. a3 Be6 12. Bxe6 fxe6 13. Qh3 Qd7 14. Bg5 d5 15. Rae1 d4 16. Nb1 Rab8 17. Bc1 Bd8 18. Nd2 Ba5 19. b4 Bc7 20. Nb3 Bb6 21. c4 c5 22. f4 Qe7 23. fxe5 Nd7 24. Bd2 Kh8 25. Qg3 Bc7 26. Bg5 Rxf1+ 27. Rxf1 Qe8 28. Nxc5 Bxe5 29. Bf4 Bxf4 30. Rxf4 Nxc5 31. Rf7 Qxf7 32. Qxb8+ Qg8 33. Qxg8+ Kxg8 34. bxc5 Kf7 35. c6 Ke7 36. c7 Kd7 37. c8Q+ Kxc8 38. e5 Kc7 39. Kf1 Kb6 40. Ke2 Kc5 41. Kd3 g5 42. h3 a6 43. g3 h5 44. h4 g4 45. Kc2 Kxc4 46. Kd2 Kd5 47. Kd3 Kxe5 48. Kc2 Ke4 49. Kd2 d3 50. a4 a5 51. Kc3 Ke3 52. Kb3 d2 53. Kc2 Ke2 54. Kc3 d1Q 55. Kc4 Qd5+ 56. Kc3 Qb7 57. Kd4 Qc7 58. Ke4 Qc5 59. Kf4 Qf5# 0-1

[Event "CP-2017-P-00019"]
[Site "LSS email"]
[Date "2017.09.27"]
[Round "?"]
[White "Blair, Matthew"]
[Black "Strnad, Pavel"]
[Result "1-0"]
[WhiteElo "1830"]
[BlackElo "593"]
[PlyCount "33"]
[EventDate "2017.10.01"]
[EventType "tourn (corr)"]
[EventRounds "6"]
[EventCountry "GER"]
[SourceTitle "Corr 2022"]
[Source "ChessBase"]
[SourceDate "2021.10.24"]
[SourceVersion "1"]
[SourceVersionDate "2021.10.24"]
[SourceQuality "1"]

1. e4 d6 2. d4 Nf6 3. Nc3 c6 4. f4 e6 5. Nf3 Nbd7 6. e5 dxe5 7. fxe5 Nd5 8. Nxd5 exd5 9. Bd3 h6 10. e6 Nf6 11. exf7+ Kxf7 12. Ne5+ Ke6 13. Qe2 Qc7 14. Bf4 Bd6 15. Nc4+ Kd7 16. Bf5+ Kd8 17. Bxd6 1-0

[Event "CP-2017-P-00019"]
[Site "LSS email"]
[Date "2017.09.27"]
[Round "?"]
[White "Fels, Bernhard"]
[Black "Blair, Matthew"]
[Result "1/2-1/2"]
[WhiteElo "2061"]
[BlackElo "1830"]
[PlyCount "53"]
[EventDate "2017.10.01"]
[EventType "tourn (corr)"]
[EventRounds "6"]
[EventCountry "GER"]
[SourceTitle "Corr 2022"]
[Source "ChessBase"]
[SourceDate "2021.10.24"]
[SourceVersion "1"]
[SourceVersionDate "2021.10.24"]
[SourceQuality "1"]

1. b3 e5 2. Bb2 Nc6 3. e3 Nf6 4. Bb5 Bd6 5. Na3 Na5 6. Be2 a6 7. Nf3 Qe7 8. Nb1 0-0 9. d3 b5 10. c4 Bb7 11. 0-0 bxc4 12. bxc4 e4 13. dxe4 Nxe4 14. Nc3 Rab8 15. Rb1 Nxc3 16. Bxc3 Bxf3 17. Bxf3 Nxc4 18. Qe2 Qe6 19. Rxb8 Rxb8 20. Rd1 Ne5 21. Bd5 Qg4 22. f3 Qf5 23. Bb3 Rb5 24. f4 Nc6 25. h3 h6 26. Qf3 Rc5 27. Bb2 1/2-1/2

[Event "WC-2017-S-00010"]
[Site "LSS email"]
[Date "2017.05.17"]
[Round "?"]
[White "Blair, Matthew"]
[Black "Pech Sr, Jaroslav"]
[Result "1-0"]
[WhiteElo "1793"]
[BlackElo "1808"]
[PlyCount "109"]
[EventDate "2017.06.01"]
[EventType "tourn (corr)"]
[EventRounds "12"]
[EventCountry "GER"]
[SourceTitle "Corr 2024"]
[Source "ChessBase"]
[SourceDate "2023.10.19"]
[SourceVersion "1"]
[SourceVersionDate "2023.10.19"]
[SourceQuality "1"]

1. Nf3 Nf6 2. c4 e6 3. d4 Bb4+ 4. Bd2 a5 5. g3 d5 6. Bg2 dxc4 7. Qc2 Nc6 8. Qxc4 Qd5 9. Qd3 Qe4 10. Qxe4 Nxe4 11. a3 Nxd2 12. Nbxd2 Be7 13. Rc1 a4 14. Nc4 Bd8 15. e3 f6 16. Nfd2 Na5 17. 0-0 0-0 18. Nxa5 Rxa5 19. Rc4 f5 20. Nf3 Bd7 21. Ne5 Bb5 22. Bxb7 Ra7 23. Bc8 Bxc4 24. Nxc4 g6 25. Bxe6+ Kg7 26. Rc1 Bf6 27. Bd5 Rb8 28. Kg2 Ra6 29. Rc2 c5 30. dxc5 Rb5 31. Nd2 Rxb2 32. Rxb2 Bxb2 33. Nc4 Bf6 34. Bb7 Re6 35. Kf3 g5 36. Nb6 Bd8 37. Nxa4 Re7 38. c6 Re5 39. Bc8 Ra5 40. Bd7 Kf6 41. h4 gxh4 42. gxh4 f4 43. Nc3 fxe3 44. fxe3 Ke7 45. a4 Rc5 46. Ne4 Rc4 47. Ng3 Bc7 48. Nf5+ Kd8 49. h5 Rxa4 50. Be6 Ra5 51. Kg4 Rc5 52. Bg8 Rxc6 53. Bxh7 Ke8 54. Bg8 Rc1 55. Be6 1-0

[Event "WC-2017-S-00010"]
[Site "LSS email"]
[Date "2017.05.17"]
[Round "?"]
[White "Rooijen Van, Peter"]
[Black "Blair, Matthew"]
[Result "0-1"]
[WhiteElo "1820"]
[BlackElo "1793"]
[PlyCount "82"]
[EventDate "2017.06.01"]
[EventType "tourn (corr)"]
[EventRounds "12"]
[EventCountry "GER"]
[SourceTitle "Corr 2024"]
[Source "ChessBase"]
[SourceDate "2023.10.19"]
[SourceVersion "1"]
[SourceVersionDate "2023.10.19"]
[SourceQuality "1"]

1. b4 d5 2. Bb2 Nf6 3. Nf3 Bf5 4. e3 e6 5. a3 Nbd7 6. h3 a5 7. b5 Bd6 8. Nh4 0-0 9. Nxf5 exf5 10. c4 c6 11. Nc3 d4 12. exd4 Re8+ 13. Be2 Nf8 14. 0-0 Ne6 15. d5 Nf4 16. Re1 cxd5 17. cxd5 Bc7 18. Bf1 Rxe1 19. Qxe1 Qd6 20. g3 Ng6 21. f4 Bb6+ 22. Kh1 Re8 23. Qd1 h5 24. Qf3 h4 25. gxh4 Nxf4 26. Rd1 Ng6 27. d4 Ne4 28. Nxe4 fxe4 29. Qg4 e3 30. Rc1 e2 31. Bxe2 Bc7 32. Rxc7 Qxc7 33. d6 Qxd6 34. h5 Nh4 35. Kg1 Qe7 36. d5 Nf5 37. Bf1 Qc5+ 38. Kh2 Qxd5 39. h6 Re3 40. Bxg7 Kh7 41. Bd4 Re1 0-1

[Event "SC-2017-0-00316"]
[Site "LSS email"]
[Date "2017.02.02"]
[Round "?"]
[White "Peraza Balleste, Orlando"]
[Black "Blair, Matthew"]
[Result "1-0"]
[WhiteElo "1735"]
[BlackElo "1829"]
[PlyCount "65"]
[EventDate "2016.12.20"]
[EventType "tourn (corr)"]
[EventRounds "6"]
[EventCountry "GER"]
[SourceTitle "Corr 2022"]
[Source "ChessBase"]
[SourceDate "2021.10.24"]
[SourceVersion "1"]
[SourceVersionDate "2021.10.24"]
[SourceQuality "1"]

1. e4 c5 2. Nf3 d6 3. d4 cxd4 4. Nxd4 Nf6 5. Nc3 a6 6. Bg5 e6 7. Be2 Be7 8. 0-0 h6 9. Be3 0-0 10. Qd2 Qd7 11. Rad1 Nc6 12. Nxc6 Qxc6 13. Bxh6 Nxe4 14. Qd4 gxh6 15. Nxe4 e5 16. Qe3 f5 17. Bf3 Kg7 18. Nxd6 e4 19. Nxc8 Raxc8 20. Bh5 Qe6 21. c3 Rfd8 22. Kh1 Bg5 23. f4 Be7 24. Rde1 Bc5 25. Qh3 Rd2 26. g4 Rg8 27. gxf5 Qd5 28. b4 Ba7 29. f6+ Kxf6 30. Qh4+ Kf5 31. c4 Qxc4 32. Qe7 Qd5 33. Qh7+ 1-0

[Event "SB-2016-0-00479"]
[Site "LSS email"]
[Date "2016.12.11"]
[Round "?"]
[White "Blair, Matthew"]
[Black "Luers, Lavas"]
[Result "1/2-1/2"]
[WhiteElo "1833"]
[BlackElo "2020"]
[PlyCount "119"]
[EventDate "2016.11.25"]
[EventType "tourn (corr)"]
[EventRounds "6"]
[EventCountry "GER"]
[SourceTitle "Corr 2022"]
[Source "ChessBase"]
[SourceDate "2021.10.24"]
[SourceVersion "1"]
[SourceVersionDate "2021.10.24"]
[SourceQuality "1"]

1. Nf3 Nf6 2. d4 d5 3. c4 c6 4. Nc3 e6 5. e3 Nbd7 6. Bd3 dxc4 7. Bxc4 b5 8. Bd3 Bd6 9. 0-0 0-0 10. Qc2 Bb7 11. a3 a5 12. e4 e5 13. dxe5 Nxe5 14. Nxe5 Bxe5 15. h3 Re8 16. Be3 Bd4 17. Rfe1 Bxe3 18. Rxe3 Qd4 19. Rd1 Qe5 20. Nb1 g6 21. Nd2 Rad8 22. Nf3 Qe7 23. e5 Nd5 24. Ree1 Nf4 25. Be4 c5 26. a4 b4 27. Bxb7 Qxb7 28. Qc4 Ne6 29. Rd6 Nd4 30. Rxd8 Nxf3+ 31. gxf3 Rxd8 32. Qxc5 Qxf3 33. Qxa5 Rd2 34. Qb6 Qf5 35. a5 Rxb2 36. a6 Ra2 37. a7 b3 38. Qb8+ Kg7 39. Qb6 b2 40. a8Q Rxa8 41. Qxb2 Qe6 42. Qd4 Ra5 43. Kg2 h6 44. Qe3 Ra4 45. Rd1 Qf5 46. Qc3 Qe4+ 47. Kg1 Rc4 48. Qb2 Kh7 49. Qb3 Rc7 50. Qd5 Qf5 51. Rd3 Rc1+ 52. Kg2 Re1 53. Rf3 Qg5+ 54. Rg3 Qe7 55. Rf3 Kg7 56. Rf6 Rxe5 57. Rxf7+ Qxf7 58. Qxe5+ Qf6 59. Qc7+ Qf7 60. Qe5+ 1/2-1/2